Simplified Engineering for Architects and Builders / (Record no. 7746)

MARC details
000 -LEADER
fixed length control field 01329cam a22003375a 4500
008 - FIXED-LENGTH DATA ELEMENTS--GENERAL INFORMATION
fixed length control field 090303s2006 njua|||frb||| 001 0 eng d
010 ## - LIBRARY OF CONGRESS CONTROL NUMBER
LC control number 2005026251
020 ## - INTERNATIONAL STANDARD BOOK NUMBER
International Standard Book Number 0471676071 (cloth)
020 ## - INTERNATIONAL STANDARD BOOK NUMBER
International Standard Book Number 9780471676072 (cloth)
035 ## - SYSTEM CONTROL NUMBER
System control number (OCoLC)ocm61479597
040 ## - CATALOGING SOURCE
Language of cataloging eng
Modifying agency EG-ScBUE
082 04 - DEWEY DECIMAL CLASSIFICATION NUMBER
Classification number 624
Item number AMB
Edition number 22
100 1# - MAIN ENTRY--PERSONAL NAME
Personal name Ambrose, James E.
9 (RLIN) 5303
245 10 - TITLE STATEMENT
Title Simplified Engineering for Architects and Builders /
Statement of responsibility, etc James Ambrose, with Patrick Tripeny.
250 ## - EDITION STATEMENT
Edition statement 10th ed.
260 ## - PUBLICATION, DISTRIBUTION, ETC. (IMPRINT)
Place of publication, distribution, etc Hoboken :
Name of publisher, distributor, etc Wiley,
Date of publication, distribution, etc c.2006.
300 ## - PHYSICAL DESCRIPTION
Extent xiv, 642 p. :
Other physical details ill. ;
Dimensions 23 cm.
490 ## - Series Statement
Series statement Parker-Ambrose series of simplified design guides.
500 ## - GENERAL NOTE
General note Index : p. 633-642.
504 ## - BIBLIOGRAPHY, ETC. NOTE
Bibliography, etc Includes bibliographical references.
590 ## - LOCAL NOTE (RLIN)
Local note doaa mohamed
650 #0 - SUBJECT ADDED ENTRY--TOPICAL TERM
Topical term or geographic name as entry element Structural engineering.
9 (RLIN) 5305
Source of heading or term BUEsh
651 ## - SUBJECT ADDED ENTRY--GEOGRAPHIC NAME
Source of heading or term BUEsh
653 ## - INDEX TERM--UNCONTROLLED
Resource For college Engineering, Architecture
655 ## - INDEX TERM--GENRE/FORM
Genre/form data or focus term Engineering Design- Year 1
Form subdivision
General subdivision Engineering
Chronological subdivision Semester 2. 2008/2009
700 1# - ADDED ENTRY--PERSONAL NAME
Personal name Tripeny, Patrick.
9 (RLIN) 5306
856 41 - ELECTRONIC LOCATION AND ACCESS
Materials specified Table of contents
Uniform Resource Identifier <a href="http://www.loc.gov/catdir/toc/ecip0519/2005026251.html">http://www.loc.gov/catdir/toc/ecip0519/2005026251.html</a>
856 41 - ELECTRONIC LOCATION AND ACCESS
Materials specified Publisher description
Uniform Resource Identifier <a href="http://www.loc.gov/catdir/enhancements/fy0623/2005026251-d.html">http://www.loc.gov/catdir/enhancements/fy0623/2005026251-d.html</a>
856 41 - ELECTRONIC LOCATION AND ACCESS
Materials specified Contributor biographical information
Uniform Resource Identifier <a href="http://www.loc.gov/catdir/enhancements/fy0659/2005026251-b.html">http://www.loc.gov/catdir/enhancements/fy0659/2005026251-b.html</a>
942 ## - ADDED ENTRY ELEMENTS (KOHA)
Item type NB - Book (Non borrowing)
Call number prefix 624AMB
Source of classification or shelving scheme Dewey Decimal Classification
Holdings
Withdrawn status Item status Source of classification or shelving scheme Damaged status Not for loan Vendor Home library Current library Shelving location Date acquired Source of acquisition Total Checkouts Full call number Barcode Date last seen Koha item type Date last borrowed Total Renewals
    Dewey Decimal Classification       Central Library Central Library First floor 05/02/2008     624 AMB 000009462 15/07/2025 NB - Book (Non borrowing)    
    Dewey Decimal Classification       Central Library Central Library First floor 03/03/2009   1 624 AMB 000009461 15/07/2025 Book - Borrowing 14/02/2010  
    Dewey Decimal Classification       Central Library Central Library First floor 03/03/2009   2 624 AMB 000001632 15/07/2025 Book - Borrowing 29/09/2011  
    Dewey Decimal Classification     Baccah Central Library Central Library First floor 03/03/2009     624 AMB 000015367 15/07/2025 Book - Borrowing    
    Dewey Decimal Classification     Baccah Central Library Central Library First floor 03/03/2009   1 624 AMB 000015368 15/07/2025 Book - Borrowing 14/02/2010 11
    Dewey Decimal Classification     Baccah Central Library Central Library First floor 03/03/2009     624 AMB 000015369 15/07/2025 Book - Borrowing    
    Dewey Decimal Classification     Baccah Central Library Central Library First floor 23/03/2009     624 AMB 000015444 15/07/2025 Book - Borrowing